Kaiyēṭu. (Record no. 88360)

MARC details
000 -LEADER
fixed length control field 00811cam a22002531 4500
001 - CONTROL NUMBER
control field sa 68018370
003 - CONTROL NUMBER IDENTIFIER
control field DLC
005 - DATE AND TIME OF LATEST TRANSACTION
control field 20260227112711.0
008 - FIXED-LENGTH DATA ELEMENTS--GENERAL INFORMATION
fixed length control field 890510s1968 ii af 100 0 tamo
010 ## - LIBRARY OF CONGRESS CONTROL NUMBER
LC control number sa 68018370
035 ## - SYSTEM CONTROL NUMBER
System control number (OCoLC)19690955
040 ## - CATALOGING SOURCE
Original cataloging agency DLC
Transcribing agency WaU
Modifying agency DLC
042 ## - AUTHENTICATION CODE
Authentication code premarc
050 00 - LIBRARY OF CONGRESS CALL NUMBER
Classification number PL4751
Item number .A3 1968
111 2# - MAIN ENTRY--MEETING NAME
Meeting name or jurisdiction name as entry element International Conference-Seminar of Tamil Studies
Number of part/section/meeting (2nd :
Date of meeting or treaty signing 1968 :
Location of meeting Madras, India)
245 10 - TITLE STATEMENT
Title Kaiyēṭu.
Remainder of title Hand book.
260 ## - PUBLICATION, DISTRIBUTION, ETC.
Date of publication, distribution, etc. 1968.
300 ## - PHYSICAL DESCRIPTION
Extent 316, 205, 92, 8 p.
Other physical details illus., col. plate.
Dimensions 21 cm.
500 ## - GENERAL NOTE
General note Organized by the International Association of Tamil Research.
500 ## - GENERAL NOTE
General note Pages 1-205 (2d group) contain advertisements.
500 ## - GENERAL NOTE
General note In Tamil.
650 #0 - SUBJECT ADDED ENTRY--TOPICAL TERM
Topical term or geographic name entry element Tamil philology.
710 2# - ADDED ENTRY--CORPORATE NAME
Corporate name or jurisdiction name as entry element International Association of Tamil Research.

No items available.

Powered by Koha